Influencia de la luna en la vegetación (Record no. 41338)

MARC details
000 -LEADER
campo de control de longitud fija 00452nam a2200145 i 4500
001 - NÚMERO DE CONTROL
campo de control 41338
003 - IDENTIFICADOR DE NÚMERO DE CONTROL
campo de control ES-MaACL
007 - CAMPO FIJO DE DESCRIPCIÓN FÍSICA--INFORMACIÓN GENERAL
campo de control de longitud fija t|
008 - DATOS DE LONGITUD FIJA--INFORMACIÓN GENERAL
campo de control de longitud fija 030310s1875 sp ||||1| spa d
100 1# - ENTRADA PRINCIPAL--NOMBRE DE PERSONA
Nombre de persona Castel y Clemente, Carlos,
Fechas asociadas al nombre 1845-1903
9 (RLIN) 36472
245 10 - MENCIÓN DEL TÍTULO
Título Influencia de la luna en la vegetación
Resto del título : memoria /
Mención de responsabilidad, etc. Carlos Castel y Clemente.
260 ## - PUBLICACIÓN, DISTRIBUCIÓN, ETC.
Lugar de publicación, distribución, etc. Madrid :
Nombre del editor, distribuidor, etc. [s.n.,
Fecha de publicación, distribución, etc. 1875] (
Fabricante Minuesa)
852 ## - LOCALIZACIÓN
Ubicación ES-MaACL
Número de control de estantería T-178-F-4
Holdings
Estatus retirado Estado de pérdida Estado de daño No para préstamo Colección Biblioteca de origen Biblioteca actual Ubicación en estantería Fecha de adquisición Fuente de adquisición Total de préstamos Signatura topográfica completa Código de barras Visto por última vez Precio de reemplazo Tipo de ítem Koha
        Colección de folletos Biblioteca del Ateneo de Madrid Biblioteca del Ateneo de Madrid Depósito folletos 17/01/2008     T-178-F-4 1043519 23/02/2023 23/02/2023 Folleto